| 000 | 01184nam a22003017a 4500 | ||
|---|---|---|---|
| 005 | 20240530110449.0 | ||
| 008 | 150504s2011 ua ad g b 000 0 ara d | ||
| 017 |
_a13041/2010 _bمصر . دار الكتب المصرية |
||
| 020 | _a9789773191334 | ||
| 040 | _aEG-CaGPL | ||
| 082 | 0 | 4 |
_221 _a307\ _bف ع |
| 100 | 0 | _aفتحى حسين عامر | |
| 245 | 1 | 2 |
_aالعشوائيات و الاعلام فى الوطن العربى / _cفتحى حسين عامر |
| 250 | _aط1 | ||
| 260 |
_aالقاهرة : _bالعربى للنشر و التوزيع ، _c2011 . |
||
| 300 |
_a239 ص : _bجداول ؛ _c24 سم . |
||
| 490 | _aدراسات فى الاعلام | ||
| 504 | _aيشتمل على ارجاعات ببليوجرافية | ||
| 650 | 0 | 4 | _aالعشوائيات |
| 650 | 0 | 4 |
_aالعشوائيات _zالعالم العربى |
| 650 | 0 | 4 | _aحارثة الرويقة |
| 650 | 0 | 4 | _aسكان المقابر |
| 650 | 0 | 4 |
_aالاعلام _zالوطن العربى |
| 650 | 0 | 4 |
_aوسائل الاعلام _xالجوانب الاجتماعية |
| 650 | 0 | 4 | _aوسائل الاعلام و البئية |
| 942 |
_2ddc _cBK |
||
| 999 |
_c61220 _d61220 |
||